[Event "WYCC 2018 G14"]
[Site "Halkidiki"]
[Date "2018.10.28"]
[Round "9"]
[White "Zhu, Evelyn"]
[Black "Dhyana Patel"]
[Result "1-0"]
[WhiteElo "1926"]
[BlackElo "2002"]
[Annotator "NA"]
[PlyCount "73"]
[EventDate "2018.10.20"]
[EventType "swiss"]
[EventCountry "GRE"]
[SourceTitle "playchess.com"]
[Source "ChessBase"]
[SourceQuality "1"]
[TimeControl "40/5400+30:1800+30"]

1. d4 {[%emt 0:00:00]} Nf6 {[%emt 0:00:00]} 2. c4 {[%emt 0:00:00]} g6 {[%emt 0:00:21]} 3. Nc3 {[%emt 0:00:00]} d5 {[%emt 0:00:41]} 4. cxd5 {[%emt 0:00:00]} Nxd5 {[%emt 0:00:33]} 5. g3 {[%emt 0:00:00]} Bg7 {[%emt 0:02:18]} 6. Bg2 {[%emt 0:00:00]} Nxc3 {[%emt 0:01:52]} 7. bxc3 {[%emt 0:00:03]} O-O {[%emt 0:01:24]} 8. e3 {[%emt 0:01:27]} c5 {[%emt 0:01:40]} 9. Ne2 {[%emt 0:00:34]} Nc6 {[%emt 0:01:31]} 10. O-O {[%emt 0:00:53]} Qc7 {[%emt 0:04:29]} 11. a4 {[%emt 0:04:53]} Rd8 {[%emt 0:05:42]} 12. Ba3 {[%emt 0:03:52]} b6 {[%emt 0:02:20]} 13. Qc2 {[%emt 0:05:05]} Bb7 {[%emt 0:06:44]} 14. Rfd1 {[%emt 0:16:25]} cxd4 {[%emt 0:02:08]} 15. cxd4 {[%emt 0:02:22]} Rac8 {[%emt 0:00:21]} 16. Rac1 {[%emt 0:05:39]} Qd7 {[%emt 0:02:31]} 17. Qb1 {[%emt 0:07:13]} Na5 {[%emt 0:09:05]} 18. Bxb7 {[%emt 0:04:37]} Qxb7 {[%emt 0:02:46]} 19. Qd3 {[%emt 0:05:04]} Rxc1 {[%emt 0:01:27]} 20. Rxc1 {[%emt 0:01:49]} e5 {[%emt 0:00:32]} 21. Bb2 {[%emt 0:08:52]} exd4 {[%emt 0:00:37]} 22. Nxd4 {[%emt 0:02:43]} Bxd4 {[%emt 0:02:45]} 23. Bxd4 {[%emt 0:01:39]} Qd5 {[%emt 0:04:37]} 24. Qc3 {[%emt 0:09:18]} Qd7 {[%emt 0:20:29]} 25. Bf6 {[%emt 0:10:56]} Re8 {[%emt 0:01:23]} 26. Qb4 {[%emt 0:01:49]} Nb7 {[%emt 0:02:23]} 27. Qf4 {[%emt 0:02:08]} Qe6 {[%emt 0:12:50]} 28. Bb2 {[%emt 0:02:29]} Nc5 {[%emt 0:02:51]} 29. Rd1 {[%emt 0:00:31]} Ne4 {[%emt 0:01:40]} 30. Rd4 {[%emt 0:01:37]} Qa2 {[%emt 0:00:57]} 31. Qxe4 {[%emt 0:00:45]} Rc8 {[%emt 0:01:26]} 32. Rd2 {[%emt 0:00:58]} Qe6 {[%emt 0:00:39]} 33. Qd4 {[%emt 0:00:57]} f6 {[%emt 0:00:13]} 34. Qxf6 {[%emt 0:01:15]} Rc1+ {[%emt 0:00:20]} 35. Kg2 {[%emt 0:00:01]} Qxf6 {[%emt 0:00:10]} 36. Bxf6 {[%emt 0:00:01]} Kf7 {[%emt 0:00:13]} 37. Be5 {[%emt 0:00:56]} 1-0

[Event "WYCC 2018 G14"]
[Site "Halkidiki"]
[Date "2018.10.28"]
[Round "9"]
[White "Kuhar, Larisa"]
[Black "Allahverdiyeva, Ayan"]
[Result "1-0"]
[WhiteElo "1916"]
[BlackElo "2116"]
[Annotator "TA"]
[PlyCount "69"]
[EventDate "2018.10.20"]
[EventType "swiss"]
[EventCountry "GRE"]
[SourceTitle "playchess.com"]
[Source "ChessBase"]
[SourceQuality "1"]

{[%evp 27,69,5,33,39,85,70,83,71,67,77,96,0,0,0,18,18,18,23,18,18,34,18,11,11,23,25,120,0,0,0,0,0,0,0,0,-66,-66,-66,-49,-66,0,0,29989,29990]} 1. e4 c5 2. Nf3 e6 3. d4 cxd4 4. Nxd4 Nf6 5. Nc3 d6 6. Be2 Be7 7. O-O O-O 8. Be3 Nc6 9. f4 a6 10. Qe1 Nxd4 11. Bxd4 b5 {[%cal Bb7b5,Bb5b4][%mdl 32]} 12. a3 Bb7 13. Qg3 Bc6 14. Rae1 {B85: Sicilian Scheveningen: 6 Be2 a6, lines with early Be3} (14. Kh1 Qc7 15. Rae1 Rac8 16. e5 dxe5 17. Bxe5 Qb7 18. f5 a5 19. fxe6 fxe6 20. Bd3 Rf7 21. Qh3 b4 22. axb4 axb4 23. Ne2 {½-½ (45) Kulaots,K (2590)-Ladva,O (2517) Tallinn 2018}) 14... Qb8 {LiveBook: 3 Games} 15. Bd3 b4 {[#]} 16. Nd5 $1 {[%mdl 512] White is better.} exd5 (16... Bxd5 17. exd5) 17. exd5 Bd8 ({But not} 17... Nh5 $2 18. Qh3 $18) 18. dxc6 Bb6 {[#]} 19. c3 $146 ({White should try} 19. Bxb6 $1 $16 Qxb6+ 20. Qf2 Qxf2+ 21. Rxf2) ({Predecessor:} 19. Bxb6 Qxb6+ 20. Qe3 Qxe3+ 21. Rxe3 bxa3 22. bxa3 {1-0 (63) Morovic Fernandez,I (2435)-Duer,A Thessaloniki 1984}) 19... bxa3 $11 20. bxa3 Qc7 21. Qf3 {Strongly threatening Rb1.} d5 22. g4 Qxc6 23. g5 Ne8 24. Qh3 {[%csl Gd3][%cal Rh3h7]} g6 25. f5 {Black must now prevent Qh6.} Bxd4+ 26. cxd4 {Threatens to win with Qh6.} Qc3 (26... Ng7 $1 $11) 27. f6 $40 {[%mdl 128] White has some attack.} (27. fxg6 $16 hxg6 28. Re3 Qxd4 {[#]} 29. Bxg6 $1 {[%mdl 512]}) 27... Qxd4+ 28. Kh1 h5 $1 29. Bxg6 fxg6 30. Qd7 {White wants to mate with f7+.} Nxf6 31. gxf6 (31. Rxf6 $11 Qd3 32. Qe7) 31... Ra7 $15 32. Qe6+ Raf7 33. Re5 Kh8 ({Black should play} 33... Qd3 $15 34. Rf2 Kh7 35. Rxd5 Qb1+ 36. Kg2 Rxf6 37. Rxf6 (37. Rd7+ Kh6 $17) 37... Qb2+ 38. Kg1 Qxf6 39. Qxf6 Rxf6) 34. Rxd5 $11 Qc4 $2 {[%mdl 8192] [#]} (34... Re7 $11) 35. Rxh5+ $1 {[%mdl 512] Precision: White = 66%, Black = 53%.} 1-0

[Event "WYCC 2018 G14"]
[Site "Halkidiki"]
[Date "2018.10.28"]
[Round "9"]
[White "Rodriguez Redondo, Adhara"]
[Black "Yedigaryan, Asya"]
[Result "1-0"]
[WhiteElo "1911"]
[BlackElo "1726"]
[Annotator "NA"]
[PlyCount "69"]
[EventDate "2018.10.20"]
[EventType "swiss"]
[EventCountry "GRE"]
[SourceTitle "playchess.com"]
[Source "ChessBase"]
[SourceQuality "1"]
[TimeControl "40/5400+30:1800+30"]

1. e4 {[%emt 0:00:00]} c6 {[%emt 0:00:00]} 2. Nf3 {[%emt 0:00:00]} d5 {[%emt 0:00:00]} 3. exd5 {[%emt 0:00:00]} cxd5 {[%emt 0:00:00]} 4. Ne5 {[%emt 0:00:00]} Nf6 {[%emt 0:00:00]} 5. d4 {[%emt 0:00:14]} Nc6 {[%emt 0:00:00]} 6. Bb5 {[%emt 0:00:22]} Bd7 {[%emt 0:00:03]} 7. Nxd7 {[%emt 0:01:26]} Qxd7 {[%emt 0:00:08]} 8. c3 {[%emt 0:01:10]} e6 {[%emt 0:00:08]} 9. Nd2 {[%emt 0:00:44]} Bd6 {[%emt 0:05:46]} 10. Nf3 {[%emt 0:01:28]} Qc7 {[%emt 0:02:21]} 11. O-O {[%emt 0:02:03]} O-O {[%emt 0:01:05]} 12. Bd3 {[%emt 0:02:04]} Ne4 {[%emt 0:02:18]} 13. g3 {[%emt 0:08:10]} f5 {[%emt 0:06:40]} 14. Qe2 {[%emt 0:07:20]} Rf6 {[%emt 0:12:04]} 15. Ne1 {[%emt 0:08:16]} f4 {[%emt 0:25:08]} 16. Bxe4 {[%emt 0:15:36]} dxe4 {[%emt 0:00:04]} 17. Qxe4 {[%emt 0:08:16]} Raf8 {[%emt 0:03:54]} 18. f3 {[%emt 0:07:12]} fxg3 {[%emt 0:03:55]} 19. h3 Qf7 {[%emt 0:14:28]} 20. Kg2 {[%emt 0:03:07]} Bf4 21. Nd3 {[%emt 0:02:43]} Bxc1 {[%emt 0:01:09]} 22. Raxc1 {[%emt 0:00:14]} Qh5 {[%emt 0:02:48]} 23. Nc5 {[%emt 0:06:28]} Qh6 {[%emt 0:07:02]} 24. Rce1 {[%emt 0:05:58]} Nd8 {[%emt 0:04:37]} 25. Qe3 {[%emt 0:05:39]} Qh5 {[%emt 0:01:54]} 26. Ne4 {[%emt 0:07:29]} Rf4 {[%emt 0:03:17]} 27. Qd3 {[%emt 0:03:28]} Nf7 {[%emt 0:01:54]} 28. Qc4 Re8 {[%emt 0:00:58]} 29. a4 {[%emt 0:03:39]} a6 {[%emt 0:01:23]} 30. Qc5 {[%emt 0:01:06]} Qg6 {[%emt 0:00:21]} 31. Qc7 Rf5 {[%emt 0:00:32]} 32. Qd7 {[%emt 0:01:10]} Rf8 33. Qxb7 {[%emt 0:00:32]} Nh6 {[%emt 0:01:36]} 34. Qxa6 {[%emt 0:00:30]} Rf4 {[%emt 0:00:46]} 35. Qd6 1-0

[Event "WYCC 2018 G14"]
[Site "Halkidiki"]
[Date "2018.10.28"]
[Round "9"]
[White "Ehsani, Yassamin"]
[Black "Maciulaityte, Barbora"]
[Result "1-0"]
[WhiteElo "1875"]
[BlackElo "1715"]
[Annotator "NA"]
[PlyCount "98"]
[EventDate "2018.10.20"]
[EventType "swiss"]
[EventCountry "GRE"]
[SourceTitle "playchess.com"]
[Source "ChessBase"]
[SourceQuality "1"]
[TimeControl "40/5400+30:1800+30"]

1. d4 {[%emt 0:00:00]} Nf6 {[%emt 0:00:00]} 2. c4 {[%emt 0:00:00]} g6 {[%emt 0:00:00]} 3. Nc3 {[%emt 0:00:00]} d5 {[%emt 0:00:00]} 4. Bg5 {[%emt 0:00:00]} Ne4 {[%emt 0:02:12]} 5. Bh4 {[%emt 0:00:03]} Nxc3 {[%emt 0:02:22]} 6. bxc3 {[%emt 0:00:33]} Bg7 {[%emt 0:01:26]} 7. cxd5 {[%emt 0:01:49]} Qxd5 {[%emt 0:01:51]} 8. e3 {[%emt 0:00:30]} c5 {[%emt 0:01:21]} 9. Qf3 {[%emt 0:02:56]} Be6 {[%emt 0:06:56]} 10. Qxd5 {[%emt 0:06:34]} Bxd5 {[%emt 0:00:18]} 11. Nf3 {[%emt 0:01:37]} Nc6 {[%emt 0:03:33]} 12. Rb1 {[%emt 0:05:49]} b6 {[%emt 0:05:24]} 13. a3 {[%emt 0:01:17]} O-O {[%emt 0:04:40]} 14. Bd3 {[%emt 0:02:57]} f5 {[%emt 0:04:08]} 15. Bb5 {[%emt 0:23:00]} e6 {[%emt 0:15:05]} 16. O-O {[%emt 0:02:30]} Na5 {[%emt 0:07:27]} 17. Nd2 {[%emt 0:07:40]} Bc6 {[%emt 0:10:54]} 18. Bxc6 {[%emt 0:04:45]} Nxc6 {[%emt 0:00:13]} 19. Nf3 {[%emt 0:01:00]} cxd4 {[%emt 0:07:48]} 20. cxd4 {[%emt 0:01:53]} Rfc8 {[%emt 0:00:19]} 21. Rfc1 {[%emt 0:04:40]} Na5 {[%emt 0:00:54]} 22. h3 {[%emt 0:07:00]} Bf8 {[%emt 0:02:22]} 23. a4 {[%emt 0:01:44]} Bd6 {[%emt 0:00:12]} 24. Bg3 {[%emt 0:01:52]} Bxg3 {[%emt 0:01:05]} 25. fxg3 {[%emt 0:00:10]} Nc4 {[%emt 0:00:33]} 26. Rc3 {[%emt 0:00:54]} Nd6 {[%emt 0:02:22]} 27. Rbc1 {[%emt 0:00:20]} Rxc3 {[%emt 0:02:57]} 28. Rxc3 {[%emt 0:00:34]} Ne4 {[%emt 0:00:36]} 29. Rc6 {[%emt 0:00:28]} Re8 {[%emt 0:00:15]} 30. g4 {[%emt 0:00:52]} Re7 {[%emt 0:01:38]} 31. g5 {[%emt 0:01:08]} Kf8 {[%emt 0:04:27]} 32. h4 {[%emt 0:01:11]} Kg7 {[%emt 0:01:53]} 33. Kf1 {[%emt 0:01:34]} h6 {[%emt 0:01:53]} 34. Ke2 {[%emt 0:01:53]} hxg5 {[%emt 0:01:24]} 35. hxg5 {[%emt 0:00:48]} Kf8 {[%emt 0:00:36]} 36. Kd3 {[%emt 0:01:28]} Nf2+ {[%emt 0:01:34]} 37. Kc2 {[%emt 0:01:46]} Ng4 {[%emt 0:00:13]} 38. Kd2 {[%emt 0:00:48]} Kf7 {[%emt 0:00:47]} 39. Ke2 {[%emt 0:02:14]} Rb7 {[%emt 0:01:09]} 40. Nd2 {[%emt 0:00:00]} Ke7 {[%emt 0:00:00]} 41. Rc8 {[%emt 0:02:16]} e5 {[%emt 0:10:16]} 42. Rh8 {[%emt 0:04:05]} Rd7 {[%emt 0:02:04]} 43. Nf3 {[%emt 0:12:02]} exd4 {[%emt 0:03:13]} 44. exd4 {[%emt 0:00:56]} Ke6 {[%emt 0:06:26]} 45. Rc8 {[%emt 0:03:51]} Kd5 {[%emt 0:01:46]} 46. Rg8 {[%emt 0:03:51]} Rd6 {[%emt 0:00:26]} 47. Nh4 {[%emt 0:00:59]} Re6+ {[%emt 0:02:30]} 48. Kd2 {[%emt 0:00:55]} Kxd4 {[%emt 0:03:59]} 49. Rxg6 {[%emt 0:00:22]} Re5 {[%emt 0:01:00]} 1-0

[Event "WYCC 2018 G14"]
[Site "Halkidiki"]
[Date "2018.10.28"]
[Round "9"]
[White "Bardorz, Jana"]
[Black "Villanyi, Alexia"]
[Result "1/2-1/2"]
[WhiteElo "1810"]
[BlackElo "1709"]
[Annotator "NA"]
[PlyCount "112"]
[EventDate "2018.10.20"]
[EventType "swiss"]
[EventCountry "GRE"]
[SourceTitle "playchess.com"]
[Source "ChessBase"]
[SourceQuality "1"]
[TimeControl "40/5400+30:1800+30"]

1. e4 {[%emt 0:00:00]} c5 {[%emt 0:00:00]} 2. Nf3 {[%emt 0:00:00]} Nc6 {[%emt 0:00:00]} 3. d4 cxd4 {[%emt 0:00:05]} 4. Nxd4 {[%emt 0:00:00]} Nf6 {[%emt 0:00:10]} 5. Nc3 {[%emt 0:00:15]} g6 {[%emt 0:00:07]} 6. Be3 {[%emt 0:01:49]} Bg7 {[%emt 0:00:11]} 7. f3 {[%emt 0:02:24]} O-O {[%emt 0:00:48]} 8. Bc4 {[%emt 0:04:39]} d6 {[%emt 0:15:43]} 9. Qd2 {[%emt 0:05:33]} Bd7 {[%emt 0:00:24]} 10. O-O-O {[%emt 0:01:47]} Rc8 {[%emt 0:01:40]} 11. Bb3 {[%emt 0:02:51]} Nxd4 {[%emt 0:14:08]} 12. Bxd4 {[%emt 0:02:07]} b5 {[%emt 0:01:20]} 13. Bxa7 {[%emt 0:10:20]} b4 {[%emt 0:02:31]} 14. Nd5 {[%emt 0:02:55]} Nxd5 {[%emt 0:00:47]} 15. exd5 {[%emt 0:03:46]} Qa5 {[%emt 0:05:33]} 16. Bd4 {[%emt 0:03:36]} Ba4 {[%emt 0:06:35]} 17. Qe3 {[%emt 0:05:53]} Ra8 {[%emt 0:16:44]} 18. Kb1 {[%emt 0:07:21]} Rfc8 {[%emt 0:04:28]} 19. Bxg7 {[%emt 0:07:34]} Kxg7 {[%emt 0:00:52]} 20. h4 {[%emt 0:03:46]} Bxb3 {[%emt 0:02:31]} 21. Qxb3 {[%emt 0:00:20]} Qc5 {[%emt 0:01:05]} 22. Rc1 {[%emt 0:06:43]} Rab8 {[%emt 0:05:42]} 23. Rhe1 {[%emt 0:04:07]} Qf2 {[%emt 0:04:57]} 24. Rxe7 {[%emt 0:02:02]} Qxh4 {[%emt 0:00:23]} 25. Re4 {[%emt 0:01:06]} Qg5 {[%emt 0:00:35]} 26. Rxb4 {[%emt 0:03:26]} Rxb4 {[%emt 0:00:20]} 27. Qxb4 {[%emt 0:00:05]} Qxd5 {[%emt 0:00:09]} 28. Qb3 {[%emt 0:03:10]} Qg5 {[%emt 0:01:15]} 29. g4 {[%emt 0:01:35]} h5 {[%emt 0:00:27]} 30. gxh5 {[%emt 0:00:58]} gxh5 {[%emt 0:00:38]} 31. Qd3 {[%emt 0:03:03]} Qf6 {[%emt 0:01:57]} 32. Rg1+ {[%emt 0:01:31]} Kh6 {[%emt 0:02:04]} 33. Qe3+ {[%emt 0:02:48]} Kh7 {[%emt 0:00:11]} 34. Rg5 {[%emt 0:01:23]} Rc5 {[%emt 0:01:51]} 35. Rxc5 {[%emt 0:04:18]} dxc5 {[%emt 0:00:06]} 36. a4 {[%emt 0:01:34]} h4 {[%emt 0:03:51]} 37. Qe4+ {[%emt 0:00:58]} Kh6 {[%emt 0:00:55]} 38. Qg4 {[%emt 0:00:29]} Qg5 {[%emt 0:02:11]} 39. Qc8 {[%emt 0:00:30]} Qg3 {[%emt 0:02:10]} 40. Qh8+ {[%emt 0:00:00]} Kg6 {[%emt 0:00:00]} 41. Qg8+ {[%emt 0:02:45]} Kf6 {[%emt 0:02:09]} 42. Qh8+ {[%emt 0:06:14]} Ke7 {[%emt 0:00:16]} 43. Qc3 {[%emt 0:02:09]} h3 {[%emt 0:06:07]} 44. Qxc5+ {[%emt 0:01:27]} Kf6 {[%emt 0:02:45]} 45. Qd4+ {[%emt 0:01:53]} Kg6 {[%emt 0:00:39]} 46. Qe4+ {[%emt 0:01:35]} Kg7 {[%emt 0:02:34]} 47. Qd4+ {[%emt 0:00:55]} Kg8 {[%emt 0:02:09]} 48. Qd8+ {[%emt 0:00:43]} Kh7 {[%emt 0:00:23]} 49. Qd3+ {[%emt 0:07:16]} Qg6 {[%emt 0:00:43]} 50. Qf1 {[%emt 0:01:53]} h2 {[%emt 0:01:24]} 51. Qh3+ {[%emt 0:00:11]} Qh6 {[%emt 0:00:07]} 52. Qf5+ {[%emt 0:00:14]} Kh8 {[%emt 0:01:58]} 53. Qe5+ {[%emt 0:02:17]} Kg8 {[%emt 0:02:28]} 54. Qe8+ {[%emt 0:01:13]} Qf8 {[%emt 0:01:37]} 55. Qe1 {[%emt 0:00:24]} Qd6 {[%emt 0:04:11]} 56. a5 {[%emt 0:01:59]} Qh6 {[%emt 0:00:43]} 1/2-1/2

[Event "WYCC 2018 G14"]
[Site "Halkidiki"]
[Date "2018.10.28"]
[Round "9"]
[White "Anghel, Maria"]
[Black "Dylag, Emilia"]
[Result "0-1"]
[WhiteElo "1801"]
[BlackElo "2059"]
[Annotator "NA"]
[PlyCount "98"]
[EventDate "2018.10.20"]
[EventType "swiss"]
[EventCountry "GRE"]
[SourceTitle "playchess.com"]
[Source "ChessBase"]
[SourceQuality "1"]
[TimeControl "40/5400+30:1800+30"]

1. d4 {[%emt 0:00:00]} c5 {[%emt 0:00:00]} 2. d5 {[%emt 0:00:00]} d6 {[%emt 0:00:00]} 3. Nc3 {[%emt 0:00:00]} g6 {[%emt 0:00:10]} 4. Nf3 {[%emt 0:00:20]} Bg7 {[%emt 0:00:31]} 5. e4 {[%emt 0:00:12]} Nf6 {[%emt 0:01:24]} 6. Bb5+ {[%emt 0:00:21]} Nbd7 {[%emt 0:01:33]} 7. a4 {[%emt 0:00:18]} a6 {[%emt 0:01:41]} 8. Be2 {[%emt 0:00:40]} O-O {[%emt 0:01:59]} 9. O-O {[%emt 0:00:19]} Ne8 {[%emt 0:11:02]} 10. Re1 {[%emt 0:06:15]} Qc7 {[%emt 0:09:48]} 11. Bf1 {[%emt 0:09:42]} b6 {[%emt 0:11:35]} 12. Nd2 {[%emt 0:05:49]} e5 {[%emt 0:04:25]} 13. dxe6 {[%emt 0:13:14]} fxe6 {[%emt 0:00:06]} 14. h3 {[%emt 0:06:21]} Rb8 {[%emt 0:11:30]} 15. Nf3 {[%emt 0:06:19]} Ne5 {[%emt 0:03:26]} 16. Nxe5 {[%emt 0:02:23]} Bxe5 {[%emt 0:00:31]} 17. Bh6 {[%emt 0:03:24]} Ng7 {[%emt 0:02:08]} 18. Qd2 {[%emt 0:02:22]} Qf7 {[%emt 0:01:52]} 19. Bc4 {[%emt 0:02:45]} Bb7 {[%emt 0:03:41]} 20. Rad1 {[%emt 0:07:14]} Rbd8 {[%emt 0:03:24]} 21. Qe2 {[%emt 0:04:15]} Bd4 {[%emt 0:04:43]} 22. Rd2 {[%emt 0:04:05]} d5 {[%emt 0:03:33]} 23. exd5 {[%emt 0:05:10]} exd5 {[%emt 0:00:37]} 24. Ba2 {[%emt 0:05:14]} Rde8 {[%emt 0:07:25]} 25. Be3 {[%emt 0:03:22]} Bxc3 {[%emt 0:02:21]} 26. bxc3 {[%emt 0:00:09]} Nf5 {[%emt 0:03:21]} 27. Qd1 {[%emt 0:03:02]} Nxe3 {[%emt 0:01:27]} 28. fxe3 {[%emt 0:01:01]} c4 {[%emt 0:02:55]} 29. Qe2 {[%emt 0:01:49]} Re4 {[%emt 0:03:01]} 30. Rd4 {[%emt 0:01:15]} Qe6 {[%emt 0:02:28]} 31. Qd2 {[%emt 0:01:44]} Bc6 {[%emt 0:01:13]} 32. Rd1 {[%emt 0:06:11]} b5 {[%emt 0:01:34]} 33. axb5 {[%emt 0:00:38]} axb5 {[%emt 0:00:05]} 34. Re1 {[%emt 0:00:30]} g5 {[%emt 0:00:50]} 35. Bb1 {[%emt 0:00:34]} Re8 {[%emt 0:00:37]} 36. Kf2 {[%emt 0:00:30]} Qf5+ {[%emt 0:00:30]} 37. Kg1 {[%emt 0:00:09]} h5 {[%emt 0:00:23]} 38. Qe2 {[%emt 0:00:52]} Qg6 {[%emt 0:00:38]} 39. Qf2 {[%emt 0:00:27]} Rf8 {[%emt 0:00:21]} 40. Qg3 {[%emt 0:00:00]} Rfe8 {[%emt 0:00:00]} 41. h4 {[%emt 0:06:17]} g4 {[%emt 0:03:42]} 42. Qf2 {[%emt 0:02:47]} g3 {[%emt 0:03:09]} 43. Qf3 {[%emt 0:03:00]} Rf8 {[%emt 0:01:45]} 44. Qe2 {[%emt 0:00:39]} Rf2 {[%emt 0:06:35]} 45. Qd1 {[%emt 0:01:17]} Qf6 {[%emt 0:01:19]} 46. Re2 {[%emt 0:06:36]} Rxe3 {[%emt 0:02:50]} 47. Red2 {[%emt 0:03:00]} b4 {[%emt 0:06:29]} 48. cxb4 {[%emt 0:03:18]} c3 {[%emt 0:00:22]} 49. R2d3 {[%emt 0:01:08]} Rxg2+ {[%emt 0:00:15]} 0-1

[Event "WYCC 2018 G14"]
[Site "Halkidiki"]
[Date "2018.10.28"]
[Round "9"]
[White "Zhou, Iris"]
[Black "Nguyen, Thien Ngan"]
[Result "1-0"]
[WhiteElo "1779"]
[BlackElo "1888"]
[Annotator "NA"]
[PlyCount "155"]
[EventDate "2018.10.20"]
[EventType "swiss"]
[EventCountry "GRE"]
[SourceTitle "playchess.com"]
[Source "ChessBase"]
[SourceQuality "1"]
[TimeControl "40/5400+30:1800+30"]

1. e4 {[%emt 0:00:00]} e5 {[%emt 0:00:00]} 2. Nf3 {[%emt 0:00:00]} Nc6 {[%emt 0:00:00]} 3. Bc4 {[%emt 0:00:00]} Bc5 {[%emt 0:00:00]} 4. c3 {[%emt 0:00:00]} Nf6 {[%emt 0:00:00]} 5. d3 {[%emt 0:00:00]} a6 {[%emt 0:00:05]} 6. Bb3 {[%emt 0:00:00]} Ba7 {[%emt 0:00:08]} 7. Nbd2 {[%emt 0:00:02]} O-O {[%emt 0:00:13]} 8. Qe2 {[%emt 0:00:13]} d5 {[%emt 0:01:25]} 9. Nf1 {[%emt 0:00:33]} Qd6 {[%emt 0:04:40]} 10. h3 {[%emt 0:02:20]} dxe4 {[%emt 0:02:26]} 11. dxe4 {[%emt 0:00:09]} Na5 {[%emt 0:02:07]} 12. Ng3 {[%emt 0:05:42]} Nxb3 {[%emt 0:03:37]} 13. axb3 {[%emt 0:00:06]} Be6 {[%emt 0:00:22]} 14. b4 {[%emt 0:07:26]} b5 {[%emt 0:02:05]} 15. Nd2 {[%emt 0:02:32]} Nd7 {[%emt 0:03:34]} 16. O-O {[%emt 0:03:14]} c5 {[%emt 0:01:00]} 17. bxc5 {[%emt 0:01:26]} Nxc5 {[%emt 0:00:44]} 18. Nf5 {[%emt 0:12:09]} Qd3 {[%emt 0:11:16]} 19. Qg4 {[%emt 0:08:09]} Bxf5 {[%emt 0:03:25]} 20. exf5 {[%emt 0:01:16]} Rfe8 {[%emt 0:04:33]} 21. b4 {[%emt 0:07:40]} Nd7 {[%emt 0:07:24]} 22. Ne4 {[%emt 0:01:27]} h5 {[%emt 0:01:38]} 23. Qh4 {[%emt 0:07:52]} Rec8 {[%emt 0:01:19]} 24. f6 {[%emt 0:08:08]} g6 {[%emt 0:02:47]} 25. Bh6 {[%emt 0:04:21]} Rc4 {[%emt 0:03:17]} 26. Rae1 {[%emt 0:00:59]} Nf8 {[%emt 0:02:25]} 27. Bxf8 {[%emt 0:04:43]} Kxf8 {[%emt 0:04:22]} 28. Qg5 {[%emt 0:02:01]} Rxe4 {[%emt 0:01:47]} 29. Qh6+ {[%emt 0:00:09]} Ke8 {[%emt 0:00:11]} 30. Rd1 {[%emt 0:03:34]} Bxf2+ {[%emt 0:07:03]} 31. Kh1 {[%emt 0:00:20]} Qxf1+ {[%emt 0:08:14]} 32. Rxf1 {[%emt 0:00:03]} Kd7 {[%emt 0:00:35]} 33. Rxf2 {[%emt 0:00:19]} Ke6 {[%emt 0:01:34]} 34. Qd2 {[%emt 0:02:00]} Rc4 {[%emt 0:02:30]} 35. Rf3 {[%emt 0:01:03]} Rac8 {[%emt 0:00:25]} 36. Qa2 {[%emt 0:02:01]} R8c6 {[%emt 0:00:40]} 37. Qa5 {[%emt 0:03:55]} e4 {[%emt 0:01:38]} 38. Rf1 {[%emt 0:01:34]} Rd6 {[%emt 0:02:53]} 39. Qa2 {[%emt 0:04:06]} Rdc6 {[%emt 0:03:04]} 40. Qd2 {[%emt 0:00:00]} Rxc3 {[%emt 0:00:00]} 41. Qd8 {[%emt 0:02:22]} Rc7 {[%emt 0:10:10]} 42. Qe8+ {[%emt 0:02:20]} Kd5 {[%emt 0:00:36]} 43. Rd1+ {[%emt 0:00:31]} Kc4 {[%emt 0:01:52]} 44. Qxe4+ {[%emt 0:00:21]} Kb3 {[%emt 0:00:11]} 45. Qb1+ {[%emt 0:01:58]} Ka4 {[%emt 0:00:47]} 46. Qa2+ {[%emt 0:04:02]} Ra3 {[%emt 0:02:14]} 47. Qd2 {[%emt 0:01:41]} Rac3 {[%emt 0:00:24]} 48. Qd6 {[%emt 0:02:54]} R3c6 {[%emt 0:00:39]} 49. Ra1+ {[%emt 0:02:01]} Kb3 {[%emt 0:00:13]} 50. Rb1+ {[%emt 0:02:29]} Ka3 {[%emt 0:00:51]} 51. Qd4 {[%emt 0:02:05]} Rc3 {[%emt 0:00:42]} 52. Ra1+ {[%emt 0:01:02]} Kb3 {[%emt 0:00:10]} 53. Rxa6 {[%emt 0:01:00]} R3c4 {[%emt 0:00:05]} 54. Qd6 {[%emt 0:01:02]} h4 {[%emt 0:00:25]} 55. Ra1 {[%emt 0:01:10]} Kb2 {[%emt 0:01:20]} 56. Rf1 {[%emt 0:01:57]} Kb3 {[%emt 0:00:44]} 57. Re1 {[%emt 0:03:03]} R4c6 {[%emt 0:02:27]} 58. Qd5+ {[%emt 0:01:59]} Kxb4 {[%emt 0:01:41]} 59. Rb1+ {[%emt 0:00:09]} Ka3 {[%emt 0:00:06]} 60. Qxb5 {[%emt 0:00:53]} Rc1+ {[%emt 0:00:23]} 61. Rxc1 {[%emt 0:00:06]} Rxc1+ {[%emt 0:00:06]} 62. Kh2 {[%emt 0:00:01]} Rc3 {[%emt 0:00:16]} 63. Qd7 {[%emt 0:00:14]} Kb4 {[%emt 0:00:11]} 64. Qxf7 {[%emt 0:00:06]} Rc5 {[%emt 0:00:33]} 65. Qe7 {[%emt 0:00:05]} Kc4 {[%emt 0:00:06]} 66. f7 {[%emt 0:00:07]} Rf5 {[%emt 0:00:04]} 67. f8=Q {[%emt 0:00:07]} Rxf8 {[%emt 0:00:04]} 68. Qxf8 {[%emt 0:00:04]} Kd5 {[%emt 0:00:05]} 69. Qf7+ {[%emt 0:00:04]} Ke5 {[%emt 0:00:05]} 70. Qxg6 {[%emt 0:00:04]} Kf4 {[%emt 0:00:06]} 71. Qg4+ {[%emt 0:00:15]} Ke5 {[%emt 0:00:06]} 72. Qxh4 {[%emt 0:00:02]} Kf5 {[%emt 0:00:09]} 73. Qe7 {[%emt 0:00:04]} Kg6 {[%emt 0:00:05]} 74. Kg3 {[%emt 0:00:10]} Kh5 {[%emt 0:00:10]} 75. Kf4 {[%emt 0:00:11]} Kg6 {[%emt 0:00:11]} 76. h4 {[%emt 0:00:27]} Kh6 {[%emt 0:00:06]} 77. h5 {[%emt 0:00:05]} Kxh5 {[%emt 0:00:07]} 78. Qh7# {[%emt 0:00:03]} 1-0